000 00372cam a2200157ua 4500
041 _aeng
_h
082 _a828.09
_bCRA/LO
100 _aCranston, Mavriu .
245 _aLocke /
_cMavriu Cranston.
_hTextual Documents
250 _a1 /
_b.
260 _aLondon :
_bLongman Green and Co ,
_c1961.
300 _a38 ; .
504 _a
942 _cBK
999 _c6872
_d6872